Bundesregierung - Statistiken

Allgemein
  • Dieses Quiz wurde 88 mal gespielt
  • Das Durchschnittsergebnis liegt bei 9 aus 17
Antwortstatistiken
Antwort % Korrekt
Bundeskanzler Olaf Scholz
100%
Bundesminister für Wirtschaft und Klimschutz Robert Habeck
90%
Bundesminister der Finanzen Christian Lindner
86%
Bundesministerin des Auswärtigen Annalena Baerbock
84%
Bundesminister für Gesundheit Karl Lauterbach
75%
Bundesminister der Verteidigung Boris Pistorius
66%
Bundesministerin des Inneren und für Heimat Nancy Faeser
64%
Bundesminister für Ernährung und Landwirtschaft Cem Özdemir
61%
Bundesminister für Arbeit und Soziales Hubertus Heil
56%
Bundesminister der Justitz Marco Buschmann
46%
Bundesminister für Digitales und Verkehr Volker Wissing
45%
Bundesministerin für Familie, Senioren, Frauen und Jugend Lisa Paus
24%
Bundesminister für Umwelt, Naturschutz, nukleare Sicherheit und Verbraucherschutz Steffi Lemke
23%
Bundesministerin für wirtschaftliche Zusammenarbeit und Entwicklung Svenja Schulze
23%
Bundesministerin für Bildung und Forschung Bettina Stark-Watzinger
21%
Bundesminister für besondere Aufgaben und Chef des Bundeskanzleramtes Wolfgang Schmidt
20%
Bundesministerin für Wohnen, Stadtentwicklung und Bauwesen Klara Geywitz
19%
Keine übereinstimmenden Quizze gefunden
Verteilung der Resultate
Anzahl Personen mit jedem Resultat
Perzentil nach korrekt beantworteten Fragen
Ihre Resultats-Entwicklung
Sie haben dieses Quiz noch nicht gespielt